000 00577cam a22002051a 4500
001 f 01000369
003 DLC
005 20260227111237.0
008 810918s1891 fr 000 1 fre
010 _af 01000369
035 _a(OCoLC)7769570
040 _aDLC
_cNcWsW
_dNcWsW
_dDLC
042 _apremarc
050 0 0 _aPQ2315
_b.S5 1891
100 1 _aKarr, Alphonse,
_d1807-1890.
245 1 3 _aLe siècle des microbes /
_cpar Alphonse Karr.
260 _aParis :
_bCalmann Lévy,
_c1891.
300 _a2 p. l., 320 p. ;
_c19 cm.
500 _aHalf-title: Œuvres complètes.
999 _c22418
_d22418